المعلوماتية : نشرة إحصائية شهرية يناير2021 ع.21.
تتناول النشرة كافة البيانات والمؤشرات عن تطور أداء الاقتصاد المصري في كافة النواحي كما رصدت من المصادر المختلفة كذا تطور المؤشرات الاجتماعية عن السكان وخصائصهم وبعض الظواهر المتعلقة بهم....
Saved in:
| 主要作者: | |
|---|---|
| 企业作者: | |
| 其他作者: | |
| 格式: | 序列 |
| 语言: | 阿拉伯语 |
| 出版: |
القاهرة :
الجهاز المركزي للتعبئة العامة والإحصاء.
2021
|
| 主题: | |
| 标签: |
添加标签
没有标签, 成为第一个标记此记录!
|
MARC
| LEADER | 00000nas a2200000 a 4500 | ||
|---|---|---|---|
| 003 | INP | ||
| 005 | 20210228110712.0 | ||
| 008 | 130624cuuuuuuuuua mr1 0 f0ara d | ||
| 952 | |0 0 |1 0 |4 0 |6 339_500000000000000_م_ع_107 |7 0 |9 20859 |a INP |b INP |c MAIN |d 2021-02-28 |l 0 |o 339.5 م ع 107 |p 021791 |r 2022-03-28 00:00:00 |w 2021-02-28 |y PUB |0 0 | ||
| 999 | |c 16891 |d 16891 | ||
| 040 | |a EG-INP |c EG-INP |b ara | ||
| 082 | 0 | 4 | |2 21 |a 339.5 |b م ع 107 |
| 100 | |a الجهاز المركزى للتعبئة العامة والإحصاء | ||
| 245 | 0 | 2 | |a المعلوماتية : |b نشرة إحصائية شهرية يناير2021 |n ع.21. |
| 260 | |a القاهرة : |b الجهاز المركزي للتعبئة العامة والإحصاء. |c 2021 | ||
| 300 | |a مج. : ع.107 |b ايض.؛ |c 28 سم. | ||
| 310 | |a شهرى | ||
| 362 | 0 | |a ع.107 ( يناير 2021 )- | |
| 500 | |a بني الوصف يناير 2021 | ||
| 500 | |a 53-20111-2021 | ||
| 520 | |a تتناول النشرة كافة البيانات والمؤشرات عن تطور أداء الاقتصاد المصري في كافة النواحي كما رصدت من المصادر المختلفة كذا تطور المؤشرات الاجتماعية عن السكان وخصائصهم وبعض الظواهر المتعلقة بهم. | ||
| 650 | 7 | |a الاقتصاد |z مصر |v دوريات. |2 qrmak | |
| 650 | 7 | |a الاقتصاد |x احصائيات |v دوريات. |2 qrmak | |
| 650 | 7 | |a التكامل الاقتصادى |v دوريات. |2 qrmak | |
| 700 | |a الجهز المركزى للتعبئة العامة والإحصاء | ||
| 710 | 1 | |a مصر. |b الجهاز المركزي للتعبئة العامة والإحصاء. | |
| 901 | |a INP | ||
| 902 | |a EGPV3 | ||
| 903 | |a copycat | ||
| 942 | |c PUB |2 ddc | ||